Minimates Quiz Box Sets Stats

Quiz not verified by Sporcle

Challenge
Share
Tweet
Embed
Score 0/190 Timer 13:00
0 Plays Today
Set Character Name % Correct
DST ExclusiveWolverine
98.2%
DST ExclusiveZombie Wolverine
98.2%
AFX ExclusiveCivil War Captain America
98.2%
SDCC ExclusiveCaptain America
98.2%
Previews ExclusiveWolverine
98.2%
DST ExclusiveWolverine
98.2%
DST ExclusiveCaptain America
98.2%
SDCC ExclusiveWolverine (Daken)
98.2%
Previews ExclusiveBattle-Ravaged Wolverine
98.2%
Previews ExclusiveTorment Spider-Man
96.4%
Previews ExclusiveMelee Symbiote Spider-Man
96.4%
DST ExclusiveZombie Spider-Man
96.4%
DST ExclusiveZombie Hulk
96.4%
AFX ExclusiveHulk
96.4%
AFX ExclusiveCivil War Iron Man
96.4%
AFX ExclusiveCivil War Spider-Man
96.4%
SDCC ExclusiveModular Armor Iron Man
96.4%
SDCC ExclusiveMark VI Armor Iron Man
96.4%
SDCC ExclusiveMark III Armor Iron Man
96.4%
DST ExclusiveGolden Armor Iron Man
96.4%
DST ExclusiveIncredible Hulk
96.4%
AFX ExclusiveBattle Damaged Mark III Iron Man
96.4%
DST ExclusiveSpider-Man
96.4%
DST ExclusiveHulk
96.4%
SDCC ExclusiveSpider-Man (Venom)
96.4%
TRU ExclusiveSpider-Man (Symbiote Bond)
96.4%
DST ExclusiveBattle Ravaged Spider-Man
96.4%
AFX ExclusiveBattle Damaged Mark VI Iron Man
96.4%
DST ExclusiveWolverine
96.4%
TRU ExclusiveCaptain America
96.4%
TRU ExclusiveCaptain America
96.4%
TRU ExclusiveWWII Captain America
96.4%
TRU ExclusiveArmored Captain America
96.4%
TRU ExclusiveSuspended Animation Captain America
96.4%
DST ExclusiveWolverine
96.4%
TRU ExclusiveSpider-Man
94.6%
TRU ExclusiveIron Man
94.6%
DST ExclusiveVampire Wolverine
94.4%
Disney ExclusiveCaptain America
94.4%
SDCC ExclusiveJohnny Storm
92.9%
SDCC ExclusiveHuman Torch
92.9%
Previews ExclusiveWolverine
92.9%
SDCC ExclusiveThing
91.1%
SDCC ExclusiveSusan Richards
91.1%
SDCC ExclusiveMr. Fantastic
91.1%
Previews ExclusivePowerhouse Venom
91.1%
AFX ExclusiveBlack Widow
91.1%
AFX ExclusiveVenom
91.1%
DST ExclusiveWasp
89.3%
Previews ExclusiveBeast
89.3%
DST ExclusiveMagneto
89.3%
SDCC ExclusiveHawkeye
89.3%
AFX ExclusiveBeast
89.3%
AFX ExclusiveIceman
89.3%
AFX ExclusiveBeast
89.3%
AFX ExclusiveIceman
89.3%
Previews ExclusiveAsteriod M Magneto
89.3%
Disney ExclusiveSpider-Man
88.9%
Disney ExclusiveHulk
88.9%
Disney ExclusiveIron Man
88.9%
DST ExclusiveCyclops
87.5%
DST ExclusiveHank Pym
87.5%
AFX ExclusiveAngel
87.5%
AFX ExclusiveCyclops
87.5%
Set Character Name % Correct
AFX ExclusiveMarvel Girl
87.5%
AFX ExclusiveCyclops
87.5%
DST ExclusiveMagneto
87.5%
AFX ExclusiveMagneto
87.5%
TRU ExclusiveThor
87.5%
DST ExclusiveStorm
85.7%
DST ExclusiveColossus
85.7%
DST ExclusiveNightcrawler
85.7%
AFX ExclusiveFirst Appearance Deadpool
85.7%
DST ExclusiveCyclops
85.7%
AFX ExclusiveCyclops
85.7%
TRU ExclusiveUltimate Green Goblin
83.9%
DST ExclusiveGreen Goblin
83.9%
DST ExclusiveDr. Doom
83.9%
DST ExclusiveRed Skull
83.9%
TRU ExclusiveDr. Doom
83.9%
Disney ExclusiveMr. Fantastic
83.3%
Disney ExclusiveThing
83.3%
Disney ExclusiveInvisible Woman
83.3%
Disney ExclusiveHawkeye
83.3%
AFX ExclusiveNamor
82.1%
SDCC ExclusiveSub-Mariner
82.1%
Previews ExclusivePhoenix
82.1%
AFX ExclusiveJean Grey
82.1%
AFX ExclusiveX-Force Cable
82.1%
Previews ExclusiveJean Grey
82.1%
SDCC ExclusiveBucky
80.4%
SDCC ExclusiveMs. Marvel
80.4%
SDCC ExclusiveCaptain Marvel
80.4%
AFX ExclusiveGhost Rider
80.4%
DST ExclusiveDoc Ock
80.4%
AFX ExclusiveNick Fury
80.4%
DST ExclusiveDeadpool
80.4%
DST ExclusiveZombie Power Man
78.6%
AFX ExclusiveBattle Damaged War Machine
78.6%
Previews ExclusiveBishop
78.6%
AFX ExclusiveDr. Strange
76.8%
DST ExclusiveBlack Cat
76.8%
AFX ExclusiveRogue
76.8%
AFX ExclusiveDomino
75%
Previews ExclusivePowerhouse Sandman
73.2%
AFX ExclusiveHercules
73.2%
Previews ExclusiveJubilee
73.2%
AFX ExclusiveThor
72.2%
DST ExclusiveIce Man
72.2%
DST ExclusiveMagneto
72.2%
Disney ExclusiveThor
72.2%
DST ExclusiveVulture
71.4%
DST ExclusiveJuggernaut
71.4%
AFX ExclusiveCannonball
71.4%
DST ExclusiveCyclops
66.7%
DST ExclusiveAngel
66.7%
AFX ExclusiveDeadpool
66.7%
DST ExclusiveBasilisk
66.7%
DST ExclusiveLegacy
66.7%
DST ExclusiveThunderbird
66.1%
AFX ExclusiveValkyrie
66.1%
SDCC ExclusiveCEO Tony Stark
66.1%
AFX ExclusivePlayboy Tony Stark
66.1%
Previews ExclusiveThanos
66.1%
AFX ExclusiveRace Track Tony Stark
66.1%
DST ExclusiveAssault Armor Punisher
64.3%
AFX ExclusiveFeral
64.3%
Previews ExclusiveApocalypse
64.3%
Set Character Name % Correct
TRU ExclusiveSpider-Woman
64.3%
AFX ExclusiveSunspot
64.3%
SDCC ExclusiveAres
62.5%
AFX ExclusiveSunfire
62.5%
AFX ExclusiveWolfsbane
62.5%
DST ExclusivePsylocke
62.5%
AFX ExclusiveLoki
61.1%
DST ExclusiveGalactus
61.1%
DST ExclusiveGambit
61.1%
AFX ExclusiveBattle Damaged Iron Monger
60.7%
SDCC ExclusiveSentry
60.7%
SDCC ExclusiveIron Patriot
60.7%
X-Treme Toys ExclusiveWolverine
60.7%
Disney ExclusiveCaptain America
60.7%
Previews ExclusiveHydroman
58.9%
Previews ExclusiveJewel
58.9%
DST ExclusiveLogan
58.9%
DST ExclusiveOld Man Logan
58.9%
AFX ExclusiveNorman Osborn
58.9%
AFX ExclusiveKarma
58.9%
Disney ExclusiveSpider-Man
58.9%
Disney ExclusiveIron Man
58.9%
X-Treme Toys ExclusiveSpider-Man
58.9%
Previews ExclusiveDrax the Destroyer
57.1%
Previews ExclusiveAdam Warlock
57.1%
DST ExclusiveJean Grey
55.6%
DST ExclusiveVampire Jubilee
55.6%
AFX ExclusiveNitro
55.4%
TRU ExclusiveBeyonder
55.4%
TRU ExclusivePhoton
55.4%
DST ExclusiveWeapon X
53.6%
Previews ExclusiveMephisto
53.6%
DST ExclusiveArchangel
53.6%
X-Treme Toys ExclusiveVenom
53.6%
Disney ExclusiveThor
53.6%
DST ExclusiveJigsaw
51.8%
AFX ExclusivePenance
51.8%
DST ExclusiveNightcrawler
51.8%
AFX ExclusiveRadioactive Man
50%
X-Treme Toys ExclusiveDeadpool
50%
AFX ExclusiveSif
50%
Previews ExclusiveDark Beast
48.2%
DST ExclusiveJames Howlett
46.4%
DST ExclusiveJuggernaut
46.4%
DST ExclusiveZombie Colonel America
44.6%
DST ExclusiveBlade
44.4%
DST ExclusiveNova
44.4%
Disney ExclusiveKang
44.4%
AFX ExclusiveRaza
42.9%
DST ExclusiveMob Thug
42.9%
DST ExclusiveCapt. Britain
42.9%
DST ExclusiveFrank Castle
41.1%
Disney ExclusiveGiant-Man
33.3%
DST ExclusiveMeggan
32.1%
AFX ExclusiveBeta Ray Bill
27.8%
DST ExclusiveTerrax
27.8%
DST ExclusiveDracula
22.2%
DST ExclusiveMorg
22.2%
AFX ExclusiveLady Deadpool
16.7%
Disney ExclusiveGrim Reaper
16.7%
AFX ExclusiveChampionpool
11.1%
AFX ExclusiveKidpool
11.1%

You're not logged in!

Compare scores with friends on all Sporcle quizzes.
Join for Free
OR
Log In

You Might Also Like...

Show Comments

Extras

Top Quizzes Today


Score Distribution

Your Account Isn't Verified!

In order to create a playlist on Sporcle, you need to verify the email address you used during registration. Go to your Sporcle Settings to finish the process.

Report this User

Report this user for behavior that violates our Community Guidelines.

Details: